Amsterdam Trivia - Statistics

General Stats
  • This quiz has been taken 15,873 times
    15,860 since last reset
  • The average score is 14 of 20
Answer Stats
Clue Answer % Correct
Person who wrote "The Diary of a Young Girl" while living in an Amsterdam attic. Anne Frank
97%
Sea connected to Amsterdam via a canal. North Sea
90%
City established in 1625 under the name of Nieuw Amsterdam. New York City
89%
By law, Amsterdam is the capital of the Netherlands. But what other city is home to the Dutch Parliament and many foreign embassies? The Hague
87%
Artist whose works are displayed in Amsterdam's most-visited museum. Vincent Van Gogh
85%
Mode of transportation used for 32% of trips, one of the highest rates in the world. Cycling
84%
Event hosted by the city in 1928. Summer Olympics
84%
What "De Wallen" is known as in English. {Red}-{Light} District
81%
Amsterdam has over 100 kilometers of these, known as "grachten". Canals
78%
Amsterdam's most famous brewery. Heineken
75%
Trade that was formerly dominated by the Dutch East Indies Company. Spices
73%
Province that Amsterdam is a part of. North Holland
67%
62.2% of Amsterdam residents say that they are unaffiliated with any ... Religion
65%
The tallest building in Amsterdam - named for a painter. {Rembrandt} Tower
64%
Amsterdam's most successful football club. AFC Ajax
62%
River for which Amsterdam is named. (HINT: also the name of a beer) Amstel
60%
Nickname of Amsterdam. {Venice} of the North
56%
The world's first one of these financial institutions opened in Amsterdam in 1602. Stock market
52%
Name one of the two largest cities in Amsterdam's metro area, besides Amsterdam itself. Almere or Haarlem
30%
Body of water on which Amsterdam is situated. (HINT: two letters long) The IJ
26%
No matching quizzes found
Score Distribution
Percent of People with Each Score
Percentile by Number Answered
Your Score History
You have not taken this quiz since the last reset